Normal view
MARC view
- Rizwanullah , Mohammad
Entry Personal Name
001 - CONTROL NUMBER
- control field: 111758
003 - CONTROL NUMBER IDENTIFIER
- control field: NUST
005 - DATE AND TIME OF LATEST TRANSACTION
- control field: 20230406101736.0
008 - FIXED-LENGTH DATA ELEMENTS
- fixed length control field: 230406|| aca||aabn | a|a d
040 ## - CATALOGING SOURCE
- Original cataloging agency: NUST
- Transcribing agency: NUST
100 ## - HEADING--PERSONAL NAME
- Personal name: Rizwanullah , Mohammad
670 ## - SOURCE DATA FOUND
- Source citation: Work cat.: (NUST)187472: Rizwanullah , Mohammad, Lonely Guardian Of Khojak Pass /
